Statistics for Most popular world currencies

Click here to take the quiz!

General Stats

  • This quiz has been taken 93 times
  • The average score is 5 of 7

Answer Stats

# of countries Answer % Correct
31Dollar
100%
23Euro
94%
6Pound
81%
8Peso
77%
21Franc
68%
6Rupee
63%
8Dinar
42%

Score Distribution

Percentile by Number Answered

Percent of People with Each Score

Your Score History

You have not taken this quiz